000 00899cam a2200313 a 4500
001 4733236
003 OSt
005 20140310181922.0
008 840815s1985 nyua 001 0 eng
010 _a 84019742
020 _a003069664X (pbk.)
040 _aDLC
_cDLC
_dDLC
050 0 0 _aPE 1417
_b.Sk47 1979
082 0 0 _aTR 808.0427
_bSk87 1985
100 1 _aSkwire, David.
_91732
245 1 0 _aWriting with a thesis :
_ba rhetoric and reader /
_cDavid Skwire.
250 _a4th ed.
260 _aNew York :
_bHolt, Rinehart, and Winston,
_c1979
300 _a323 p. :
_bill. ;
_c24 cm.
500 _aIncludes index.
521 _aFaculty.
541 _j1
562 _e1
650 0 _aCollege readers.
_91718
650 0 _aEnglish language
_xRhetoric.
_91733
650 0 _aReport writing.
_91734
906 _a7
_bcbc
_corignew
_d1
_eocip
_f19
_gy-gencatlg
942 _2lcc
_cBK-TR
_kTR
999 _c7009
_d7009